¡Adivina el Idioma! - Estadísticas

Estadísticas generales
  • Esta prueba ha sido intentada 24.435 veces
  • La puntuación promedio es 13 de 24
Estadísticas de respuestas
Idioma % Correcto
Inglés
100%
Español
99%
Francés
98%
Árabe
97%
Ruso
91%
Chino
90%
Portugués
85%
Alemán
76%
Italiano
76%
Coreano
75%
Japonés
73%
Neerlandés
54%
Griego
51%
Hebreo
51%
Turco
45%
Sueco
37%
Tailandés
37%
Hindi
28%
Vietnamita
27%
Persa
20%
Suajili
9%
Urdu
9%
Malayo
8%
Marati
3%
No se encontraron pruebas coincidentes
Distribución de puntuación
Porcentaje de gente con cada puntuación
Porcentaje por número respondido
Historial de tus puntuaciones
No has intentado esta prueba.